000 00395nam a2200157Ia 4500
005 20250310050554.0
008 240331s9999 xx 000 0 und d
020 _a9559540610
082 _bWIJ
_a800
100 _aWijesekara,P
245 0 _aAmuthu ma minihek
260 _aDevi Nuwara
_bPararthi Publishers
_c1992
300 _aXXIX, 136 p .,
650 _aMilitary man
942 _cL
999 _c5228
_d5228